|
|
|
|
| LEADER |
02459nam a2200625 a 4500 |
| 001 |
nkc20152683382 |
| 003 |
CZ PrNK |
| 005 |
20150423102408.0 |
| 007 |
ta |
| 008 |
150311s2014 xr f 001 0 cze |
| 015 |
|
|
|a cnb002683382
|
| 020 |
|
|
|a 978-80-7363-679-1
|q (brož.)
|
| 035 |
|
|
|a (OCoLC)908821937
|
| 040 |
|
|
|a OLA001
|b cze
|
| 041 |
0 |
|
|a cze
|b eng
|
| 043 |
|
|
|a x------
|a a-io---
|
| 045 |
|
|
|a x-y-
|
| 072 |
|
7 |
|a 327
|x Mezinárodní vztahy, světová politika
|2 Konspekt
|9 15
|
| 080 |
|
|
|a 327.5
|2 MRF
|
| 080 |
|
|
|a 327
|2 MRF
|
| 080 |
|
|
|a 339.9
|2 MRF
|
| 080 |
|
|
|a (100)
|2 MRF
|
| 080 |
|
|
|a (594)
|2 MRF
|
| 080 |
|
|
|a (048.8:082)
|2 MRF
|
| 100 |
1 |
|
|a Piknerová, Linda,
|d 1983-
|7 xx0108506
|4 aut
|
| 245 |
1 |
0 |
|a Nové mocnosti globálního Jihu :
|b Čína, Indie, Brazílie, Jihoafrická republika a Indonésie v mezinárodním systému /
|c Linda Piknerová, David Šanc a kol.
|
| 250 |
|
|
|a 1. vyd.
|
| 260 |
|
|
|a Praha :
|b Dokořán,
|c 2014
|
| 300 |
|
|
|a 262 s. ;
|c 21 cm
|
| 490 |
1 |
|
|a Bod
|
| 504 |
|
|
|a Obsahuje bibliografii, bibliografické odkazy a rejstřík
|
| 546 |
|
|
|a Anglické resumé
|
| 648 |
|
7 |
|a 20.-21. století
|7 ch462155
|2 czenas
|
| 648 |
|
7 |
|a 21. století
|7 ch460559
|2 czenas
|
| 650 |
0 |
7 |
|a velmoci
|7 ph127017
|y 21. století
|2 czenas
|
| 650 |
0 |
9 |
|a great powers
|y 21st century
|2 eczenas
|
| 651 |
|
7 |
|a země BRICS
|7 ge696788
|x zahraniční vztahy
|y 20.-21. století
|2 czenas
|
| 651 |
|
7 |
|a země BRICS
|7 ge696788
|x hospodářské vztahy
|y 20.-21. století
|2 czenas
|
| 651 |
|
7 |
|a Indonésie
|7 ge129385
|x zahraniční vztahy
|y 20.-21. století
|2 czenas
|
| 651 |
|
7 |
|a Indonésie
|7 ge129385
|x hospodářské vztahy
|y 20.-21. století
|2 czenas
|
| 651 |
|
9 |
|a BRICS countries
|x foreign relations
|y 20th-21st centuries
|2 eczenas
|
| 651 |
|
9 |
|a BRICS countries
|x economic relations
|y 20th-21st centuries
|2 eczenas
|
| 651 |
|
9 |
|a Indonesia
|x foreign relations
|y 20th-21st centuries
|2 eczenas
|
| 651 |
|
9 |
|a Indonesia
|x economic relations
|y 20th-21st centuries
|2 eczenas
|
| 655 |
|
7 |
|a kolektivní monografie
|7 fd501537
|2 czenas
|
| 655 |
|
7 |
|a případové studie
|7 fd133208
|2 czenas
|
| 655 |
|
9 |
|a collective monographs
|2 eczenas
|
| 655 |
|
9 |
|a case studies
|2 eczenas
|
| 700 |
1 |
|
|a Šanc, David,
|d 1978-
|7 vse2005299868
|4 aut
|
| 830 |
|
0 |
|a Bod (Dokořán)
|0 s
|
| 910 |
2 |
|
|a BOA001
|b 2-1343.869
|
| 990 |
|
|
|a BK
|
| 995 |
|
|
|a 01
|
| 991 |
|
|
|b 201504
|c NOV
|e n
|
| 996 |
6 |
|
|b 2610627196
|c 2-1343.869
|l MZK
|r Sklad / do 1 hodiny
|n 12
|p p.v.
|w 001497192
|u 000010
|a 1
|e BOA001
|j MZK50
|s P
|